[Event "FIN-chT 1213"]
[Site "Finland"]
[Date "2012.10.28"]
[Round "5.8"]
[White "Raisanen, Kim"]
[Black "Anttila, Perttu"]
[Result "1-0"]
[WhiteElo "2065"]
[BlackElo "2126"]
[PlyCount "61"]
[EventDate "2012.09.28"]
[EventType "team-tourn"]
[EventRounds "11"]
[EventCountry "FIN"]
[SourceTitle "EXT 2013"]
[Source "ChessBase"]
[SourceDate "2012.11.22"]
[SourceVersion "1"]
[SourceVersionDate "2012.11.22"]
[SourceQuality "1"]
[WhiteTeam "Espoo MatSK II"]
[BlackTeam "Vantaa"]
[WhiteTeamCountry "FIN"]
[BlackTeamCountry "FIN"]

1. c4 f5 2. g3 Nf6 3. Bg2 e6 4. b3 Be7 5. Bb2 0-0 6. Nf3 d6 7. d4 Nc6 8. a3 a5 9. Nc3 Re8 10. 0-0 Bf8 11. Rc1 d5 12. Ne5 Ne4 13. cxd5 exd5 14. Nxc6 bxc6 15. Nxe4 dxe4 16. Rxc6 Bb7 17. Rc3 Rb8 18. f3 Bd5 19. fxe4 fxe4 20. Qc2 Bd6 21. Rf5 c6 22. Rxc6 Bxc6 23. Qxc6 Qc7 24. Qd5+ Kh8 25. Bxe4 Qe7 26. Bd3 Bxa3 27. Bxa3 Qxa3 28. Rh5 Qc1+ 29. Kg2 g6 30. Qf7 Qc6+ 31. d5 1-0

[Event "Espoo MatSK Weekend A"]
[Site "Espoo"]
[Date "2011.02.27"]
[Round "4"]
[White "Raisanen, Kim"]
[Black "Jarvenpaa, Jari"]
[Result "0-1"]
[WhiteElo "2091"]
[BlackElo "2152"]
[PlyCount "87"]
[EventDate "2011.02.25"]
[EventType "swiss"]
[EventRounds "5"]
[EventCountry "FIN"]
[SourceTitle "EXT 2022"]
[Source "ChessBase"]
[SourceDate "2021.10.06"]
[SourceVersion "1"]
[SourceVersionDate "2021.10.06"]
[SourceQuality "1"]

1. c4 Nf6 2. g3 g6 3. Bg2 d5 4. cxd5 Nxd5 5. Nc3 Nb6 6. b3 Bg7 7. Bb2 0-0 8. Nf3 Nc6 9. 0-0 e5 10. d3 f5 11. Nd2 Be6 12. Rc1 Bh6 13. Ra1 e4 14. Nc4 exd3 15. Qxd3 Bxc4 16. bxc4 Nb4 17. Qb1 a5 18. Ba3 Qd4 19. Bxb4 axb4 20. Qxb4 Bd2 21. Nb5 Qxf2+ 22. Kxf2 Bxb4 23. Bxb7 Bc5+ 24. Kg2 Ra4 25. e4 Rb8 26. Bc6 Nxc4 27. Bd5+ Kh8 28. Nxc7 Ne3+ 29. Kh3 Nxf1 30. Rxf1 fxe4 31. Ne6 Bb6 32. Nf8 Rd8 33. Ne6 Rc8 34. Ng5 Ra5 35. Nf7+ Kg7 36. Nd6 Rf8 37. Rxf8 Kxf8 38. Bxe4 Rxa2 39. Nc4 Bg1 40. Bg2 g5 41. Ne5 h5 42. g4 hxg4+ 43. Nxg4 Ra3+ 44. Bf3 0-1

[Event "Nordic Youth-ch A"]
[Site "Oslo"]
[Date "2011.02.18"]
[Round "1"]
[White "Gretarsson, Hjorvar Steinn"]
[Black "Raisanen, Kim"]
[Result "1-0"]
[WhiteElo "2433"]
[BlackElo "2091"]
[PlyCount "73"]
[EventDate "2011.02.18"]
[EventType "swiss"]
[EventRounds "6"]
[EventCountry "NOR"]
[SourceTitle "EXT 2024"]
[Source "ChessBase"]
[SourceDate "2023.10.10"]
[SourceVersion "1"]
[SourceVersionDate "2023.10.10"]
[SourceQuality "1"]

1. c4 e5 2. g3 Nf6 3. Bg2 d5 4. cxd5 Nxd5 5. Nc3 Nb6 6. Nf3 Nc6 7. 0-0 Be7 8. a3 a5 9. d3 Be6 10. Bd2 f6 11. Rc1 Qd7 12. Ne4 0-0 13. Be3 Nd5 14. Nc5 Bxc5 15. Bxc5 Rfd8 16. Qc2 Rac8 17. e4 Nde7 18. Rfd1 Nd4 19. Nxd4 exd4 20. e5 fxe5 21. Bxe7 Qxe7 22. Re1 Bd5 23. Bh3 Qf7 24. Rxe5 Qf3 25. Be6+ Bxe6 26. Rxe6 Qf7 27. Rce1 Rd7 28. R1e5 Rcd8 29. Qe2 h6 30. Rxa5 Rf8 31. f4 Rd6 32. Rae5 Kh8 33. Qe4 Rxe6 34. Rxe6 Qh5 35. Kg2 Qb5 36. Qxd4 c5 37. Rxh6+ 1-0

[Event "FIN-chT 1011"]
[Site "Finland"]
[Date "2011.02.12"]
[Round "6.6"]
[White "Raisanen, Kim"]
[Black "Paasikangas Tella, Johanna"]
[Result "0-1"]
[WhiteElo "2112"]
[BlackElo "2256"]
[PlyCount "38"]
[EventDate "2010.09.18"]
[EventType "team-tourn"]
[EventRounds "9"]
[EventCountry "FIN"]
[SourceTitle "EXT 2012"]
[Source "ChessBase"]
[SourceDate "2011.11.24"]
[SourceVersion "1"]
[SourceVersionDate "2011.11.24"]
[SourceQuality "1"]
[WhiteTeam "Mat SK II"]
[BlackTeam "Etela Vantaan"]
[WhiteTeamCountry "FIN"]
[BlackTeamCountry "FIN"]

1. c4 e5 2. g3 d6 3. Bg2 f5 4. Nc3 Nf6 5. Rb1 a5 6. a3 Be7 7. b4 axb4 8. axb4 0-0 9. d3 Qe8 10. Nf3 Qh5 11. 0-0 c6 12. b5 Be6 13. bxc6 bxc6 14. c5 f4 15. cxd6 Bxd6 16. Bb2 fxg3 17. fxg3 Ng4 18. Qd2 Bc5+ 19. d4 Bxd4+ 0-1

[Event "Nordic Youth-ch A"]
[Site "Oslo"]
[Date "2011.02.??"]
[Round "3"]
[White "Madland, Kristoffer"]
[Black "Raisanen, Kim"]
[Result "1/2-1/2"]
[WhiteElo "2051"]
[BlackElo "2091"]
[PlyCount "66"]
[EventDate "2011.02.18"]
[EventType "swiss"]
[EventRounds "6"]
[EventCountry "NOR"]
[SourceTitle "EXT 2024"]
[Source "ChessBase"]
[SourceDate "2023.10.10"]
[SourceVersion "1"]
[SourceVersionDate "2023.10.10"]
[SourceQuality "1"]

1. e4 c6 2. d4 d5 3. Nc3 g6 4. Nf3 Bg7 5. Be2 Bg4 6. Be3 dxe4 7. Nxe4 Nh6 8. c3 Nf5 9. Bf4 Nd7 10. 0-0 0-0 11. Qc2 Nf6 12. Nxf6+ Bxf6 13. Rad1 Bxf3 14. Bxf3 e6 15. Rfe1 Re8 16. Be4 Nd6 17. Bd3 Re7 18. Qe2 Rd7 19. Qg4 a5 20. Re2 Nf5 21. Rde1 Ng7 22. Bc2 a4 23. Qf3 Rd5 24. Be4 Rd7 25. g4 Ra5 26. Kg2 Be7 27. Rh1 Bd6 28. h4 h5 29. g5 Bxf4 30. Qxf4 Nf5 31. Ree1 Qf8 32. Bxf5 Rxf5 33. Qg3 Qd8 1/2-1/2

[Event "Salo We SalSK"]
[Site "Salo"]
[Date "2011.??.??"]
[Round "4"]
[White "Haapasalo, Jukka Pekka"]
[Black "Raisanen, Kim"]
[Result "0-1"]
[WhiteElo "2094"]
[BlackElo "2105"]
[PlyCount "73"]
[EventDate "2011.??.??"]
[EventType "swiss"]
[EventRounds "5"]
[EventCountry "FIN"]
[SourceTitle "EXT 2022"]
[Source "ChessBase"]
[SourceDate "2021.10.06"]
[SourceVersion "1"]
[SourceVersionDate "2021.10.06"]
[SourceQuality "1"]

1. Nf3 Nf6 2. c4 c6 3. g3 d5 4. b3 Bg4 5. Bg2 Nbd7 6. Bb2 e6 7. 0-0 Bd6 8. d3 Qe7 9. Qc2 0-0 10. a3 a5 11. h3 Bxf3 12. exf3 e5 13. Re1 Qd8 14. Nc3 d4 15. Ne2 Qc7 16. Bc1 Nh5 17. f4 exf4 18. g4 f3 19. Bxf3 Nf4 20. Bxf4 Bxf4 21. Nxf4 Qxf4 22. Bg2 Rfe8 23. Re2 f5 24. Rae1 Kf7 25. c5 Ne5 26. gxf5 Qxf5 27. f4 Nxd3 28. Qc4+ Kf8 29. Be4 Rxe4 30. Qxd3 Rxf4 31. Qd2 Rd8 32. Re5 Qg6+ 33. Kh2 Qf6 34. R1e2 d3 35. Re6 Qf5 36. R6e5 Qf6 37. Re6 0-1

[Event "Salo We SalSK"]
[Site "Salo"]
[Date "2011.??.??"]
[Round "2"]
[White "Niemi, Kalle"]
[Black "Raisanen, Kim"]
[Result "1-0"]
[WhiteElo "2319"]
[BlackElo "2105"]
[PlyCount "89"]
[EventDate "2011.??.??"]
[EventType "swiss"]
[EventRounds "5"]
[EventCountry "FIN"]
[SourceTitle "EXT 2022"]
[Source "ChessBase"]
[SourceDate "2021.10.06"]
[SourceVersion "1"]
[SourceVersionDate "2021.10.06"]
[SourceQuality "1"]

1. e4 g6 2. d4 Bg7 3. Nc3 c6 4. f4 d5 5. e5 Nh6 6. Nf3 Bg4 7. Be2 Nf5 8. 0-0 Qb6 9. Na4 Qc7 10. c3 Nd7 11. e6 fxe6 12. Ng5 Bxe2 13. Qxe2 Nf8 14. Nc5 Qc8 15. Ncxe6 h6 16. g4 hxg5 17. gxf5 Nxe6 18. fxe6 Rh4 19. Bd2 Qc7 20. Be1 Rxf4 21. Bg3 0-0-0 22. Bxf4 gxf4 23. Qg4 Rh8 24. Qxf4 Bh6 25. Qxc7+ Kxc7 26. Rae1 Kd6 27. Rf3 Bg5 28. Kg2 b6 29. Re2 Bc1 30. b3 g5 31. c4 Bf4 32. Rh3 Rf8 33. Rh6 a5 34. Rh7 dxc4 35. bxc4 c5 36. d5 a4 37. Rf2 Rg8 38. Kf3 Be5 39. Kg4 b5 40. cxb5 Kxd5 41. Rxe7 Bf4 42. Kf5 c4 43. Rd7+ Kc5 44. e7 Re8 45. Ke6 1-0

[Event "FIN-ch op"]
[Site "Mantta"]
[Date "2009.08.03"]
[Round "1"]
[White "Raitanen, Markku"]
[Black "Raisanen, Kim"]
[Result "0-1"]
[WhiteElo "1990"]
[BlackElo "2148"]
[PlyCount "52"]
[EventDate "2009.08.03"]
[EventType "swiss"]
[EventRounds "9"]
[EventCountry "FIN"]
[SourceTitle "EXT 2022"]
[Source "ChessBase"]
[SourceDate "2021.10.06"]
[SourceVersion "1"]
[SourceVersionDate "2021.10.06"]
[SourceQuality "1"]

1. Nc3 c5 2. e4 Nc6 3. f4 g6 4. g3 Bg7 5. Bg2 e6 6. d3 d6 7. Nf3 Nge7 8. 0-0 0-0 9. Be3 b6 10. d4 Ba6 11. Rf2 Qc7 12. Rd2 Rfd8 13. Bf1 cxd4 14. Nxd4 Bxf1 15. Kxf1 a6 16. Nxc6 Nxc6 17. Qg4 Na5 18. Rd3 b5 19. Rad1 b4 20. Ne2 Nc4 21. Bc1 Bxb2 22. f5 Ne5 23. Qf4 Nxd3 24. cxd3 Be5 25. Qg4 exf5 26. exf5 Qd7 0-1

[Event "Espoo We MatSK"]
[Site "Espoo"]
[Date "2009.??.??"]
[Round "3"]
[White "Kauppala, Pekka"]
[Black "Raisanen, Kim"]
[Result "1/2-1/2"]
[WhiteElo "2181"]
[BlackElo "2156"]
[PlyCount "79"]
[EventDate "2009.??.??"]
[EventType "swiss"]
[EventRounds "5"]
[EventCountry "FIN"]
[SourceTitle "EXT 2011"]
[Source "ChessBase"]
[SourceDate "2010.11.26"]
[SourceVersion "1"]
[SourceVersionDate "2010.11.26"]
[SourceQuality "1"]

1. f4 d5 2. Nf3 c6 3. d3 Bg4 4. Nbd2 Nd7 5. e4 dxe4 6. dxe4 e5 7. Nc4 exf4 8. Bxf4 Nc5 9. Bd6 Nf6 10. Qd4 Ne6 11. Qe5 Nd7 12. Qg3 Bxf3 13. gxf3 Nb6 14. 0-0-0 Qg5+ 15. Qxg5 Nxg5 16. Bxf8 Kxf8 17. Nxb6 axb6 18. Rd7 Nxf3 19. Rxb7 Rxa2 20. Kb1 Ra8 21. b3 b5 22. Bh3 g6 23. Be6 Nd2+ 24. Kc1 Nxb3+ 25. cxb3 Ra1+ 26. Kd2 Rxh1 27. Rxf7+ Ke8 28. h3 Rxh3 29. Rc7 Rh2+ 30. Ke3 Rf8 31. Kd4 Rd2+ 32. Ke5 h5 33. Rxc6 h4 34. Rc8+ Rd8 35. Rc7 Rd3 36. Rc8+ Rd8 37. Rc7 g5 38. Rg7 Rh8 39. Kf6 Rf8+ 40. Ke5 1/2-1/2

[Event "Espoo We MatSK"]
[Site "Espoo"]
[Date "2009.??.??"]
[Round "2"]
[White "Raisanen, Kim"]
[Black "Porrasmaa, Timo"]
[Result "1/2-1/2"]
[WhiteElo "2156"]
[BlackElo "2141"]
[PlyCount "62"]
[EventDate "2009.??.??"]
[EventType "swiss"]
[EventRounds "5"]
[EventCountry "FIN"]
[SourceTitle "EXT 2011"]
[Source "ChessBase"]
[SourceDate "2010.11.26"]
[SourceVersion "1"]
[SourceVersionDate "2010.11.26"]
[SourceQuality "1"]

1. c4 g6 2. g3 Bg7 3. Bg2 Nf6 4. Nc3 0-0 5. d3 d6 6. Rb1 a5 7. a3 c6 8. b4 axb4 9. axb4 d5 10. cxd5 Nxd5 11. Nxd5 cxd5 12. Qb3 Nc6 13. Nf3 e6 14. 0-0 b5 15. Be3 Bd7 16. Bc5 Re8 17. e4 dxe4 18. dxe4 Bf8 19. Rfd1 Qc7 20. Rbc1 Red8 21. Bxf8 Kxf8 22. Qc3 Kg8 23. Nd4 Be8 24. Bf3 Qe5 25. Nxc6 Rxd1+ 26. Bxd1 Qxc3 27. Rxc3 Ra1 28. Ne7+ Kf8 29. Nxg6+ hxg6 30. Rd3 Rb1 31. f3 Ke7 1/2-1/2

[Event "EU-Cup 24th"]
[Site "Kallithea"]
[Date "2008.10.20"]
[Round "4"]
[White "Pergel, Laszlo"]
[Black "Raisanen, Kim"]
[Result "1/2-1/2"]
[WhiteElo "2293"]
[BlackElo "2174"]
[PlyCount "66"]
[EventDate "2008.10.17"]
[EventType "team-swiss"]
[EventRounds "7"]
[EventCountry "GRE"]
[SourceTitle "CBM 127"]
[Source "ChessBase"]
[SourceDate "2008.11.13"]
[SourceVersion "1"]
[SourceVersionDate "2008.11.13"]
[SourceQuality "1"]
[WhiteTeam "Szombathely"]
[BlackTeam "Espoo MatSK"]
[WhiteTeamCountry "HUN"]
[BlackTeamCountry "FIN"]

1. e4 c5 2. Nf3 d6 3. Bc4 e6 4. Bb3 Qc7 5. d3 b6 6. 0-0 Nf6 7. Re1 Nbd7 8. Nbd2 Be7 9. Nf1 0-0 10. Ng3 Re8 11. c3 Bb7 12. h3 Ne5 13. Bc2 Nxf3+ 14. Qxf3 d5 15. Qe2 dxe4 16. dxe4 e5 17. Nf5 Bc8 18. Nxe7+ Qxe7 19. Bg5 Be6 20. f4 h6 21. Bh4 Bd7 22. Qf2 Rad8 23. fxe5 Qxe5 24. Bg3 Qe6 25. e5 Nh7 26. Bh4 Ng5 27. Qg3 Qe7 28. Bb3 c4 29. Bc2 Bc6 30. Bxg5 Qxg5 31. Qxg5 hxg5 32. Re2 Re7 33. Rae1 Rde8 1/2-1/2

[Event "Espoo We MatSK"]
[Site "Espoo"]
[Date "2008.??.??"]
[Round "?"]
[White "Raisanen, Kim"]
[Black "Kivisto, Mikko"]
[Result "1/2-1/2"]
[WhiteElo "2152"]
[BlackElo "2310"]
[PlyCount "23"]
[EventDate "2008.02.??"]
[EventType "swiss"]
[EventRounds "5"]
[EventCountry "FIN"]
[SourceTitle "EXT 2009"]
[Source "ChessBase"]
[SourceDate "2008.11.26"]
[SourceVersion "1"]
[SourceVersionDate "2008.11.26"]
[SourceQuality "1"]

1. c4 e5 2. g3 Nf6 3. Bg2 d5 4. cxd5 Nxd5 5. Nc3 Nb6 6. d3 Be7 7. Nf3 Nc6 8. a3 a5 9. Be3 Be6 10. Bxb6 cxb6 11. 0-0 0-0 12. Re1 1/2-1/2

[Event "Vantaa We EtVaS op"]
[Site "Vantaa"]
[Date "2008.??.??"]
[Round "1"]
[White "Raisanen, Kim"]
[Black "Miettinen, Teemu"]
[Result "1-0"]
[WhiteElo "2152"]
[BlackElo "2029"]
[PlyCount "83"]
[EventDate "2008.04.??"]
[EventType "swiss"]
[EventRounds "5"]
[EventCountry "FIN"]
[SourceTitle "EXT 2010"]
[Source "ChessBase"]
[SourceDate "2010.11.25"]
[SourceVersion "1"]
[SourceVersionDate "2010.11.25"]
[SourceQuality "1"]

1. c4 Nf6 2. g3 e6 3. Bg2 Be7 4. Nf3 0-0 5. 0-0 d5 6. d4 a6 7. Nc3 Nbd7 8. b3 Rb8 9. Qd3 Re8 10. Bf4 Nf8 11. Ne5 Ng6 12. Nxg6 hxg6 13. Rfd1 Bd6 14. Bg5 c6 15. a4 Qa5 16. Bxf6 gxf6 17. e4 Bb4 18. Ne2 dxc4 19. Qxc4 e5 20. d5 Bd7 21. dxc6 Bxc6 22. Bh3 Rbd8 23. Bg4 Qb6 24. Kf1 Bc5 25. f3 a5 26. h4 Kg7 27. Kg2 Bb4 28. Nc3 Qe3 29. Nd5 Bxd5 30. Rxd5 Bc3 31. Rb1 Bd4 32. Qb5 Qf2+ 33. Kh3 b6 34. Qc4 f5 35. exf5 gxf5 36. Bh5 Rc8 37. Rc5 Bxc5 38. Qxf7+ Kh8 39. Qf6+ Kg8 40. Bf7+ Kh7 41. Qg6+ Kh8 42. Qh6# 1-0

[Event "Vantaa We EtVaS op"]
[Site "Vantaa"]
[Date "2008.??.??"]
[Round "4"]
[White "Raisanen, Kim"]
[Black "Penttila, Tero"]
[Result "0-1"]
[WhiteElo "2152"]
[BlackElo "2046"]
[PlyCount "129"]
[EventDate "2008.04.??"]
[EventType "swiss"]
[EventRounds "5"]
[EventCountry "FIN"]
[SourceTitle "EXT 2010"]
[Source "ChessBase"]
[SourceDate "2010.11.25"]
[SourceVersion "1"]
[SourceVersionDate "2010.11.25"]
[SourceQuality "1"]

1. c4 Nf6 2. g3 c6 3. Bg2 d5 4. Nf3 dxc4 5. a4 Be6 6. 0-0 g6 7. Qc2 Bg7 8. Ng5 Bd5 9. e4 h6 10. Nh3 Be6 11. Nf4 Bc8 12. Qxc4 e5 13. Ne2 0-0 14. Rd1 Be6 15. Qc3 Qb6 16. d3 Na6 17. Be3 c5 18. h3 Rfd8 19. Nd2 Qb4 20. Nf3 c4 21. Nxe5 cxd3 22. Nxd3 Qxc3 23. Nxc3 Bb3 24. Rd2 Ne8 25. Nc1 Bc4 26. Bf1 Bxf1 27. Kxf1 Rxd2 28. Bxd2 Nd6 29. N1e2 Nc5 30. f3 Nc4 31. Bc1 Nb3 32. Rb1 Ncd2+ 33. Ke1 Nxb1 34. Nxb1 Nxc1 35. Nxc1 Bxb2 36. Nd3 Bd4 37. Na3 Rc8 38. Kd2 a6 39. Nc2 Bc3+ 40. Ke3 b5 41. axb5 axb5 42. f4 Ba5 43. Na1 b4 44. Nb3 Bb6+ 45. Kd2 Rc3 46. Nbc1 Ra3 47. Kc2 Be3 48. Ne2 Ra2+ 49. Nb2 Bc5 50. Nc1 Ra8 51. Ncd3 Be7 52. e5 Rc8+ 53. Kd2 Kf8 54. g4 b3 55. Na4 Ba3 56. f5 Rc2+ 57. Kd1 Rh2 58. e6 b2 59. Nc3 Rxh3 60. Kc2 Bd6 61. exf7 gxf5 62. gxf5 Kxf7 63. Nxb2 Be5 64. Ncd1 Bxb2 65. Nxb2 0-1

[Event "FIN-chT 0708"]
[Site "Finland"]
[Date "2007.11.18"]
[Round "5.8"]
[White "Raisanen, Kim"]
[Black "Hartio, Ilkka"]
[Result "1-0"]
[WhiteElo "2099"]
[BlackElo "2077"]
[PlyCount "61"]
[EventDate "2007.09.15"]
[EventType "team-tourn"]
[EventRounds "9"]
[EventCountry "FIN"]
[SourceTitle "EXT 2022"]
[Source "ChessBase"]
[SourceDate "2021.10.06"]
[SourceVersion "1"]
[SourceVersionDate "2021.10.06"]
[SourceQuality "1"]
[WhiteTeam "Espoo MatSK"]
[BlackTeam "Jyvaskyla JyS"]
[WhiteTeamCountry "FIN"]
[BlackTeamCountry "FIN"]

1. c4 e6 2. g3 d5 3. Bg2 Nf6 4. Nf3 Be7 5. 0-0 0-0 6. d4 dxc4 7. Ne5 c6 8. Nxc4 Nbd7 9. Nc3 Nb6 10. Ne5 Nbd5 11. Qc2 Bd7 12. e4 Nxc3 13. Qxc3 Qb6 14. Be3 Qb4 15. Qc2 Rac8 16. h3 c5 17. dxc5 Bxc5 18. Nd3 Qb5 19. Nxc5 b6 20. a4 Qc6 21. Rfc1 bxc5 22. Qxc5 Qb7 23. Qd4 a6 24. Bg5 Rxc1+ 25. Rxc1 Rc8 26. Rd1 Bc6 27. Bxf6 gxf6 28. Qxf6 Bxa4 29. Rd8+ Rxd8 30. Qxd8+ Kg7 31. Qd4+ 1-0

[Event "FIN-chT 0708"]
[Site "Finland"]
[Date "2007.11.17"]
[Round "4.8"]
[White "Porrasmaa, Timo"]
[Black "Raisanen, Kim"]
[Result "0-1"]
[WhiteElo "2178"]
[BlackElo "2099"]
[PlyCount "113"]
[EventDate "2007.09.15"]
[EventType "team-tourn"]
[EventRounds "9"]
[EventCountry "FIN"]
[SourceTitle "EXT 2022"]
[Source "ChessBase"]
[SourceDate "2021.10.06"]
[SourceVersion "1"]
[SourceVersionDate "2021.10.06"]
[SourceQuality "1"]
[WhiteTeam "Joensuu SK"]
[BlackTeam "Espoo MatSK"]
[WhiteTeamCountry "FIN"]
[BlackTeamCountry "FIN"]

1. Nf3 Nf6 2. d4 e6 3. e3 b6 4. Bd3 Bb7 5. 0-0 d5 6. b3 Bd6 7. Bb2 0-0 8. c4 Nbd7 9. Ne5 Qe7 10. Nd2 Rfd8 11. Qc2 Rac8 12. cxd5 exd5 13. Nc6 Bxc6 14. Qxc6 Nb8 15. Qb7 Qe6 16. Nf3 h6 17. Rfe1 a5 18. a3 Nfd7 19. b4 axb4 20. axb4 c6 21. b5 Rc7 22. Qa8 c5 23. e4 dxe4 24. Qxe4 Qxe4 25. Bxe4 Nf6 26. Bf5 Bf4 27. Red1 c4 28. Bc2 Nbd7 29. g3 Bd6 30. Ne5 c3 31. Ba3 Bxa3 32. Rxa3 Nxe5 33. dxe5 Rxd1+ 34. Bxd1 Nd5 35. Bc2 g6 36. Rb3 Rc5 37. Kf1 Nc7 38. Ke2 Nxb5 39. Kd3 Rxe5 40. f4 Rc5 41. Ke3 Kg7 42. g4 Kf8 43. h4 h5 44. gxh5 gxh5 45. Bd3 Nc7 46. Bc2 b5 47. Kd3 Ne6 48. Rxc3 Nxf4+ 49. Kd2 Rd5+ 50. Ke3 Ng6 51. Be4 Re5 52. Kd4 b4 53. Rc8+ Re8 54. Rc6 Kg7 55. Bf3 Nf4 56. Kc4 Ng6 57. Bxh5 0-1

[Event "EU-ch U18 17th"]
[Site "Sibenik"]
[Date "2007.09.21"]
[Round "8"]
[White "Tereick, Benjamin"]
[Black "Raisanen, Kim"]
[Result "1-0"]
[WhiteElo "2404"]
[BlackElo "2062"]
[PlyCount "71"]
[EventDate "2007.09.14"]
[EventType "swiss"]
[EventRounds "9"]
[EventCountry "CRO"]
[SourceTitle "CBM 120 Extra"]
[Source "ChessBase"]
[SourceDate "2007.11.01"]
[SourceVersion "1"]
[SourceVersionDate "2007.11.01"]
[SourceQuality "1"]

1. Nf3 Nf6 2. c4 e6 3. g3 b6 4. Bg2 Bb7 5. 0-0 c5 6. Nc3 Be7 7. d4 cxd4 8. Qxd4 d6 9. Bg5 h6 10. Bxf6 Bxf6 11. Qf4 g5 12. Qd2 a6 13. Rad1 Be7 14. Ne4 Bxe4 15. Qd4 0-0 16. Qxe4 Ra7 17. Nd4 Bf6 18. b3 Qe7 19. e3 Rc7 20. f4 Rc5 21. f5 d5 22. cxd5 exd5 23. Qxe7 Bxe7 24. f6 Bd8 25. b4 Rc4 26. Bxd5 Rxb4 27. Bb3 Bc7 28. a3 Rxb3 29. Nxb3 Re8 30. Nd4 Kh7 31. Nf5 Be5 32. Nd6 Rf8 33. Rf5 Bxd6 34. Rxd6 b5 35. Rc5 Kg6 36. Rc7 1-0

[Event "EU-ch U18 17th"]
[Site "Sibenik"]
[Date "2007.09.17"]
[Round "4"]
[White "Raisanen, Kim"]
[Black "Ocnarescu, Victor"]
[Result "1-0"]
[WhiteElo "2062"]
[BlackElo "2215"]
[PlyCount "77"]
[EventDate "2007.09.14"]
[EventType "swiss"]
[EventRounds "9"]
[EventCountry "CRO"]
[SourceTitle "CBM 120 Extra"]
[Source "ChessBase"]
[SourceDate "2007.11.01"]
[SourceVersion "1"]
[SourceVersionDate "2007.11.01"]
[SourceQuality "1"]

1. c4 Nf6 2. g3 g6 3. Bg2 Bg7 4. Nc3 d6 5. Rb1 0-0 6. b4 e5 7. d3 Nbd7 8. Nf3 Ne8 9. Qb3 a5 10. a3 axb4 11. axb4 c6 12. 0-0 h6 13. Ba3 Nc7 14. b5 c5 15. Bb2 f5 16. Ra1 Rxa1 17. Rxa1 Ne6 18. Nd5 Nb6 19. Nxb6 Qxb6 20. Ra8 Nc7 21. Ra1 Bd7 22. Bc3 Ne6 23. Qa3 e4 24. Bxg7 Kxg7 25. dxe4 fxe4 26. Nd2 Nd4 27. Qb2 Kh7 28. Nxe4 d5 29. e3 dxe4 30. exd4 cxd4 31. Bxe4 Be6 32. Qb4 Rf7 33. c5 Qd8 34. Rd1 Rd7 35. c6 bxc6 36. bxc6 Rd6 37. Qb7+ Kh8 38. Bxg6 Bg8 39. c7 1-0

[Event "FIN-chT1A 0708"]
[Site "Finland"]
[Date "2007.09.16"]
[Round "2.1"]
[White "Seppala, Mikko"]
[Black "Raisanen, Kim"]
[Result "1/2-1/2"]
[WhiteElo "2137"]
[BlackElo "2152"]
[PlyCount "34"]
[EventDate "2007.09.15"]
[EventType "team-tourn"]
[EventRounds "7"]
[EventCountry "FIN"]
[SourceTitle "EXT 2022"]
[Source "ChessBase"]
[SourceDate "2021.10.06"]
[SourceVersion "1"]
[SourceVersionDate "2021.10.06"]
[SourceQuality "1"]
[WhiteTeam "Turku AS"]
[BlackTeam "Espoo MatSK II"]
[WhiteTeamCountry "FIN"]
[BlackTeamCountry "FIN"]

1. c4 e5 2. g3 Nf6 3. Bg2 c6 4. Nc3 d5 5. cxd5 cxd5 6. d3 Nc6 7. Bg5 Be6 8. Nf3 Be7 9. 0-0 h6 10. Bd2 d4 11. Na4 b5 12. Rc1 Bd5 13. Nc5 Nd7 14. e4 dxe3 15. Bxe3 Nxc5 16. Bxc5 0-0 17. Nxe5 Nxe5 1/2-1/2

[Event "EU-chT U18 7th"]
[Site "Subotica"]
[Date "2007.07.13"]
[Round "6"]
[White "Prohaszka, Peter"]
[Black "Raisanen, Kim"]
[Result "1-0"]
[WhiteElo "2486"]
[BlackElo "2062"]
[PlyCount "71"]
[EventDate "2007.07.08"]
[EventType "team-swiss"]
[EventRounds "7"]
[EventCountry "YUG"]
[SourceTitle "EXT 2020"]
[Source "ChessBase"]
[SourceDate "2019.10.17"]
[SourceVersion "1"]
[SourceVersionDate "2019.10.17"]
[SourceQuality "1"]
[WhiteTeam "Hungary U18"]
[BlackTeam "Finland U18"]
[WhiteTeamCountry "HUN"]
[BlackTeamCountry "FIN"]

1. d4 Nf6 2. c4 e6 3. Nf3 b6 4. Nc3 Bb4 5. Bg5 Bb7 6. e3 h6 7. Bh4 g5 8. Bg3 Ne4 9. Qc2 Bxc3+ 10. bxc3 d6 11. Bd3 f5 12. d5 Nd7 13. Bxe4 fxe4 14. Qxe4 Qf6 15. Qxe6+ Qxe6 16. dxe6 Nc5 17. 0-0 Ba6 18. Nd2 Ke7 19. f4 Nxe6 20. fxg5 Nxg5 21. e4 Rad8 22. e5 d5 23. Bh4 Bxc4 24. Rf6 Kd7 25. Nxc4 dxc4 26. Rd1+ Kc8 27. Rxd8+ Rxd8 28. Rxh6 Rd1+ 29. Kf2 Ne4+ 30. Kf3 Nxc3 31. e6 Rf1+ 32. Ke3 Rf8 33. Kd4 Nb5+ 34. Kxc4 Rf4+ 35. Kd3 Nd6 36. Bg3 1-0